Le nombres d'hectares par cultures en France - Statistiques

Statistiques générales
  • Ce quiz a été pris 18 fois
  • Le résultat moyen est 2 sur 10
Statistiques - réponses
Hint Réponse % Correct
400 000 hectares Betterave sucrière
55%
1 million d'hectares Colza
27%
600 000 hectares Tournesol
27%
5 millions d'hectares Blé tendre
18%
1,5 million d'hectares Orge
18%
200 000 hectares Soja
18%
800 000 hectares Vigne
18%
350 000 hectares Luzerne (fourragère)
9%
1,4 million d'hectares Maïs grain
9%
150 000 hectares Pois protéagineux
9%
Aucun quiz correspondant
Distribution des résultats
% des personnes avec chaque résultat
Percentile par nombre de réponses
Votre historique - résultats
Vous n’avez pas pris ce quiz